000 00537nam a2200157 i 4500
001 87788
003 ES-MaACL
007 t|
008 041223s1920 sp ||||1| spa d
100 1 _aLaborderie, J.
_969252
245 1 0 _aElectricidad médica en clientela
_b: "indispensable en electroterapia" /
_cpor J. Laborderie ; traducción y notas por J.B. Comas Camps.
260 _aValencia :
_bPubul,
_c1920 (
_fMiguel Gimeno)
300 _aIII, 408 p. :
_bil. ;
_c19 cm.
700 1 _aComas Camps, J. B.
_939942
852 _aES-MaACL
_jB-9048
999 _c87788
_d87788